Riconosci l'Anno dagli eventi - Quiz n°1 - Statistics

Statistiche generali
  • Questo quiz è stato fatto 198 volte
  • Il punteggio medio è 10 su 11
Statistiche sulle risposte
Indizio Risposta % Corretto
A Eruzione del Vesuvio che fu la causa di una tempesta di pesci
100%
C 1º marzo: apre negli USA il Parco nazionale di Yellowstone, il parco nazionale più antico del mondo.
97%
B 20 febbraio – New York: inaugurazione del Metropolitan Museum of Art
97%
D 1º luglio: viene battezzata con rito luterano la principessa Alice d'Assia-Darmstadt, divenuta poi l'ultima zarina di Russia con il nome di Aleksandra Fëdorovna.
96%
F 2 settembre: a Madonna di Campiglio (TN), viene fondata la Società Alpina del Trentino, successivamente denominata Società Alpinisti Tridentini (SAT)
95%
E 5 agosto: a Mornese viene fondata la congregazione delle Figlie di Maria Ausiliatrice
94%
G 15 ottobre – Italia: Giuseppe Perrucchetti fonda il Corpo degli Alpini
93%
H Nasce la prima Latteria Socio Cooperativa istituita in Italia a Canale d'Agordo dall'arciprete don Antonio Della Lucia.
90%
L Si gioca la prima finale di FA Cup, vinta dal The Wanderers. È la prima coppa nazionale di calcio assegnata.
90%
I Da un'idea del barone Justus Von Liebig per promuovere la commercializzazione del proprio estratto di carne, viene emessa in Francia la prima serie di figurine Liebig: sedici figurine raffiguranti la fabbrica dell'estratto di carne a Fray Bentos, stampate con la tecnica della litografia ed oggi ritenute una vera e propria rarità collezionistica.
88%
Anno 1872
31%
Nessun quiz corrispondente trovato
Distribuzione punteggi
Percentuale di utenti per punteggio
Percentile per numero di risposta
I tuoi punteggi nel tempo
Non hai fatto questo quiz